000 00799nam a22002295i 4500
001 168211
003 ES-MaACL
005 20250928121324.0
008 981006q18901900sp |||| | spa d
040 _aCCPB | B
_bspa
_cCCPB | B
100 1 _aZola, Émile,
_d1840-1902
_9118331
245 1 0 _aTeófilo Gautier
_b: biografía y estudio crítico /
_cpor E. Zola.
260 _aMadrid :
_b[s.n.],
_c[s.a.]
300 _a94 p. ;
_c17 cm.
490 1 _aExtranjeros Ilustres
596 1 _aFecha de producción de la España Moderna : ca. 1890-1900.
600 0 _aGautier, Théophile,
_d1811-1872-
_vCrítica e interpretación
_9188795
752 _aEspaña -
_dMadrid
830 0 _aExtranjeros Ilustres
_9188783
852 _aES-MaACL
_j1815-F-2
_z-- Rúst.
999 _c168211
_d168211